000
00327nam a2200133Ia 4500
008
240624s9999 xx 000 0 und d
041
_a
eng
082
_a
658.575 ROS
100
_a
ROSENAU MILTON D
245
_a
SUCCESSFUL PRODUCT DEVELOPMENT SPEEDING
260
_c
1999
_a
Canada
_b
Wiley
300
_a
168 : p.
365
_c
_b
28
999
_c
27819
_d
27819